Tìm hiểu việc vận dụng đồng tiền xu để cầu tài lộc theo phong thủy
Những vấn đề chung liên quan đến đề tài. Vận dụng tiền xu để cầu tài lộc theo phong thủy. Vận dụng đồng tiền xu trong đời sống - một biểu hiện củ văn hóa nhận thức và văn hóa tâm linh
Na minha lista:
| Autor principal: | |
|---|---|
| Outros Autores: | |
| Formato: | Livro |
| Idioma: | Vietnamese |
| Publicado em: |
Đại học Đà Nẵng
ĐH Sư phạm
2009
|
| Assuntos: | |
| Tags: |
Adicionar Tag
Sem tags, seja o primeiro a adicionar uma tag!
|
| Thư viện lưu trữ: | Mạng thư viện Đại học Đà Nẵng |
|---|
| LEADER | 01474nam a2200361 4500 | ||
|---|---|---|---|
| 001 | 000010938 | ||
| 003 | 7162 | ||
| 005 | 20111223131244.0 | ||
| 008 | 111223s2009 viesd | ||
| 041 | |a vie | ||
| 072 | |a Khóa luận tốt nghiệp | ||
| 082 | |a 390 |b BU-T | ||
| 100 | |a Bùi Thị Thái | ||
| 245 | |a Tìm hiểu việc vận dụng đồng tiền xu để cầu tài lộc theo phong thủy |c Bùi Thị Thái | ||
| 260 | |a Đại học Đà Nẵng |b ĐH Sư phạm |c 2009 | ||
| 300 | |a 59 tr. |c 29 cm | ||
| 500 | |a Khóa luận tốt nghiệp khoa Ngữ văn | ||
| 520 | |a Những vấn đề chung liên quan đến đề tài. Vận dụng tiền xu để cầu tài lộc theo phong thủy. Vận dụng đồng tiền xu trong đời sống - một biểu hiện củ văn hóa nhận thức và văn hóa tâm linh | ||
| 653 | |a Đồng tiền xu | ||
| 653 | |a Cầu tài lộc | ||
| 653 | |a Phong thủy | ||
| 653 | |a VHDG | ||
| 700 | |a Lương Vĩnh An |c Th.S |e Hướng dân | ||
| OWN | |a LSP | ||
| AVA | |a UDN50 |b LSP |d 390 BU-T |e available |t Error 5001 Not defined in file expand_doc_bib_avail. |f 1 |g 0 |h N |i 0 |k 1 | ||
| 999 | |a From the UDN01 | ||
| AVA | |a UDN50 |b LSP |d 390 BU-T |e available |t Error 5001 Not defined in file expand_doc_bib_avail. |f 1 |g 0 |h N |i 0 |k 1 | ||
| TYP | |a Monograph | ||
| TYP | |a Printed language | ||
| 980 | |a Mạng thư viện Đại học Đà Nẵng | ||